Metric xác suất và ứng dụng : Luận văn tốt nghiệp cao học. Ngành lý thuyết xác suất và thống kê toán học

Luận văn trình bày một số khái niệm cơ bản của lý thuyết xác suất như hàm phân phối và hàm đặc trưng của một số phân phối xác suất; kỳ vọng có điều kiện và tính chất của kỳ vọng có điều kiện; các khái niệm hội tụ trong xác suất....

Disgrifiad llawn

Wedi'i Gadw mewn:
Manylion Llyfryddiaeth
Prif Awdur: Huỳnh, Thị Thùy Linh
Fformat: Llyfr
Iaith:Undetermined
Cyhoeddwyd: Cần Thơ Đại học Cần Thơ 2013
Pynciau:
Tagiau: Ychwanegu Tag
Dim Tagiau, Byddwch y cyntaf i dagio'r cofnod hwn!
Thư viện lưu trữ: Trung tâm Học liệu Trường Đại học Cần Thơ
LEADER 01357nam a2200217Ia 4500
001 CTU_184956
008 210402s9999 xx 000 0 und d
082 |a 519.2 
082 |b L312 
088 |a 60460106 
100 |a Huỳnh, Thị Thùy Linh 
245 0 |a Metric xác suất và ứng dụng : 
245 0 |b Luận văn tốt nghiệp cao học. Ngành lý thuyết xác suất và thống kê toán học 
245 0 |c Huỳnh Thị Thùy Linh ; Trần Kim Thanh (hướng dẫn khoa học) 
260 |a Cần Thơ 
260 |b Đại học Cần Thơ 
260 |c 2013 
520 |a Luận văn trình bày một số khái niệm cơ bản của lý thuyết xác suất như hàm phân phối và hàm đặc trưng của một số phân phối xác suất; kỳ vọng có điều kiện và tính chất của kỳ vọng có điều kiện; các khái niệm hội tụ trong xác suất. Luận văn khảo sát bài toán ổn định đánh giá theo Matric và đánh giá mức độ ổn định của đặc trưng một tổng ngẫu nhiên theo khoảng cách Levy 
650 |a Probabilities,Xác suất 
904 |i Huỳnh Mai 
980 |a Trung tâm Học liệu Trường Đại học Cần Thơ